Catalog

Record Details

Catalog Search



Bluegate Fields  Cover Image Book Book

Bluegate Fields / Anne Perry.

Perry, Anne. (Author).

Summary:

Inspector Thomas Pitt learns that a boy, clearly from the upper classes, has been found in the filthy dewers of Bluegate Fields, one of London's most dangerous slums. And the boy had been violated before he was murdered. The boy's family refuses to answer the police's questions, and the inspector begins to wonder what secrets it is trying to hide.

Record details

  • ISBN: 9780345514011
  • ISBN: 0345514017
  • Physical Description: 287 pages : portrait ; 21 cm.
  • Edition: Ballantine books trade pbk. ed.
  • Publisher: New York : Ballantine Books, 2009.

Content descriptions

General Note:
Originally published: United States : St. Martin's Press, 1984.
Subject: Pitt, Charlotte (Fictitious character) > Fiction.
Pitt, Thomas (Fictitious character) > Fiction.
Women detectives > England > Fiction.
Police spouses > England > Fiction.
Police > England > Fiction.
London (England) > Fiction.
Genre: Mystery fiction.
Historical fiction.

Available copies

  • 1 of 1 copy available at scottsboropl.

Holds

  • 0 current holds with 1 total copy.
Show Only Available Copies
Location Call Number / Copy Notes Barcode Shelving Location Status Due Date
scottsboropl F Per 32269001003709 Adult - Fiction Available -

LDR 01886cam a2200445 a 4500
001121323
003CONS
00520170302125547.0
008091124r20091984nyuc 000 1 eng
010 . ‡a 2009517901
020 . ‡a9780345514011 ‡q(trade pbk.)
020 . ‡a0345514017 ‡q(trade pbk.)
035 . ‡a(CPomAG)LMN440704
043 . ‡ae-uk-en
05000. ‡aPR6066.E693 ‡bB55 2009
08200. ‡a823/.914 ‡222
1001 . ‡aPerry, Anne.
24510. ‡aBluegate Fields / ‡cAnne Perry.
250 . ‡aBallantine books trade pbk. ed.
260 . ‡aNew York : ‡bBallantine Books, ‡c2009.
300 . ‡a287 pages : ‡bportrait ; ‡c21 cm.
336 . ‡atext ‡btxt ‡2rdacontent
337 . ‡aunmediated ‡bn ‡2rdamedia
338 . ‡avolume ‡bnc ‡2rdacarrier
4901 . ‡aCharlotte and Thomas Pitt novel
4901 . ‡aMortalis
500 . ‡aOriginally published: United States : St. Martin's Press, 1984.
520 . ‡aInspector Thomas Pitt learns that a boy, clearly from the upper classes, has been found in the filthy dewers of Bluegate Fields, one of London's most dangerous slums. And the boy had been violated before he was murdered. The boy's family refuses to answer the police's questions, and the inspector begins to wonder what secrets it is trying to hide.
650 0. ‡aPitt, Charlotte (Fictitious character) ‡vFiction.
650 0. ‡aPitt, Thomas (Fictitious character) ‡vFiction.
650 0. ‡aWomen detectives ‡zEngland ‡vFiction.
650 0. ‡aPolice spouses ‡zEngland ‡vFiction.
650 0. ‡aPolice ‡zEngland ‡vFiction.
651 0. ‡aLondon (England) ‡vFiction.
655 7. ‡aMystery fiction. ‡2gsafd
655 7. ‡aHistorical fiction. ‡2gsafd
8001 . ‡aPerry, Anne. ‡tCharlotte and Thomas Pitt novel.
830 0. ‡aMortalis.
959 . ‡i32269001003709 ‡lF Per ‡aAdult - Fiction ‡tFiction ‡g15.00
852 . ‡p32269001003709 ‡jF Per ‡gAdult - Fiction ‡cFiction ‡y15.00 ‡bSBPL
901 . ‡a121323 ‡bUnknown ‡c121323 ‡tbiblio

Additional Resources